| 000 | 00720nam a2200241Ia 4500 | ||
|---|---|---|---|
| 008 | 160803s9999 xx 000 0 und d | ||
| 020 | _a0 439404789 | ||
| 100 | _aWilliams, Rozanne Lanczack | ||
| 245 | 4 | _aThe coin counting book / | |
| 245 | _cby Rozanne Lanczak Williams. | ||
| 260 | _aNew York : | ||
| 260 | _bScholastic Inc. | ||
| 260 | _c2001 | ||
| 300 | _a1 volume (unpaged) : | ||
| 300 | _bcolor illustrations ; | ||
| 300 | _c22 x 28 cm | ||
| 500 | _a"This edition is only available for distribution through the school market"--Page 4 of cover. | ||
| 650 | _aCoins, American -- | ||
| 650 | _aCounting -- | ||
| 650 | _xJuvenile literature. | ||
| 650 | _xJuvenile literature. | ||
| 700 | _a310 | ||
| 999 |
_c299256 _d299256 |
||